000
00308nam a22001337a 4500
999
_c
54883
_d
54883
008
190510b ||||| |||| 00| 0 eng d
020
_a
9789951437721
041
_a
eng
080
_a
658
100
_a
0-PZ
101
_a
LID
245
_a
Lidershipi
_c
Krasniqi, E & Kume, V and Mustafa, N
942
_2
udc
_c
BK